| 000 | 00346nam a2200109Ia 4500 | ||
|---|---|---|---|
| 008 | 160609s9999 xx 000 0 und d | ||
| 100 | _aHunter, Mark Lee. | ||
| 245 | _aStory-based inquiry: a manual for investigative journalists | ||
| 245 | _cMARK LEE HUNTER | ||
| 260 | _c2011 | ||
| 856 | _uhttp://unesdoc.unesco.org/images/0019/001930/193078e.pdf | ||
| 999 |
_c295686 _d295686 |
||